00625nam a22001817a 450000500170000001000150001702000230003203500140005503700130006908200150008210000180009724501340011526000430024927000700029230000200036250000190038250500420040120170630111517.0 aENG-119072 a9789380570723c950 aEN-102604 bDBAD/PUB a371.330954 aPal, Rajendra aEDUSAT: a dedicated satellite for education:bcapacity building of teachers and educators /cby Rajendra Pal [and] Pratima pallai aDelhibGlobal Books Organisationc2014 aSaraswati House, U-9, Subhash Park, Uttam Nagar, New Delhi-110059 a206pc22cm.(Hb) aIncludes index aBackground, researches and guidelines